Amalan pengurusan sisa klinikal di kalangan staf kejururawatan di Pusat Perubatan Universiti Malaya /
Saved in:
| 主要作者: | |
|---|---|
| 格式: | Thesis 图书 |
| 语言: | Malay |
| 出版: |
2005.
|
| 主题: | |
| 标签: |
添加标签
没有标签, 成为第一个标记此记录!
|
| LEADER | 00961cam a2200241 a 4500 | ||
|---|---|---|---|
| 001 | u728883 | ||
| 003 | SIRSI | ||
| 005 | 200610101155 | ||
| 008 | 061010s2005 my a t 000 0 may m | ||
| 040 | |a UMM | ||
| 043 | |a a-my--- | ||
| 090 | |a JF1338 |b UM 2005 Iska | ||
| 100 | 0 | 0 | |a Iskandar Ahmad. |
| 245 | 1 | 0 | |a Amalan pengurusan sisa klinikal di kalangan staf kejururawatan di Pusat Perubatan Universiti Malaya / |c Iskandar bin Ahmad. |
| 260 | |c 2005. | ||
| 300 | |a xvii, 168, 8 leaves : |b ill. ; |c 30 cm. | ||
| 502 | |a Dissertation (M.P.A.) -- Fakulti Ekonomi dan Pentadbiran, Universiti Malaya, 2006. | ||
| 504 | |a Bibliography: leaves 165-168. | ||
| 610 | 2 | 0 | |a Pusat Perubatan Universiti Malaya |x Employees. |
| 650 | 0 | |a Hospitals |x Waste disposal |z Malaysia. | |
| 710 | 2 | 0 | |a Universiti Malaya. |b Fakulti Ekonomi dan Pentadbiran. |
| 596 | |a 1 | ||
| 999 | |a JF1338 UM 2005 ISKA |w LC |c 1 |i A512834963 |d 5/12/2016 |e 5/12/2016 |f 13/11/2006 |g 1 |l STACKS |m P01UTAMA |n 11 |r Y |s Y |t TESIS |u 13/11/2006 | ||
